Injuries in athletics : causes and consequences /

Bibliographic Details
Main Author: Slobounov, Semyon
Corporate Author: SpringerLink (Online service)
Format: eBook
Language:English
Published: New York : Springer, [2008]
Subjects:
Online Access:Connect to the full text of this electronic book

MARC

Tag First Indicator Second Indicator Subfields
LEADER 00000cam a2200000Ia 4500
001 in00002467753
005 20210817090258.0
006 m d
007 cr cn|||||||||
008 081117s2008 nyua sb 001 0 eng d
020 |a 0387725776 
020 |a 9780387725772 
035 |a (OCoLC)272311198 
035 |a (OCoLC)ocn272311198 
037 |a 978-0-387-72576-5  |b Springer  |n http://www.springerlink.com 
040 |a GW5XE  |b eng  |c GW5XE  |d UtOrBLW 
049 |a TEFA 
050 1 4 |a RD97  |b .S56 2008eb 
060 1 4 |a 2008 J-311 
060 1 4 |a QT 261  |b S634i 2008 
082 0 4 |a 617.1027  |2 22 
100 1 |a Slobounov, Semyon.  |0 http://id.loc.gov/authorities/names/nb2006015935 
245 1 0 |a Injuries in athletics :  |b causes and consequences /  |c by Semyon M. Slobounov. 
264 1 |a New York :  |b Springer,  |c [2008] 
264 4 |c ©2008 
300 |a xv, 544 pages :  |b illustrations, portrait 
336 |a text  |b txt  |2 rdacontent 
337 |a computer  |b c  |2 rdamedia 
338 |a online resource  |b cr  |2 rdacarrier 
500 |a Electronic resource. 
504 |a Includes bibliographical references and index. 
533 |a Electronic reproduction.  |b New York :  |c Springer,  |d 2008.  |n Mode of access: World Wide Web.  |n System requirements: Web browser.  |n Title from title screen (viewed on Nov. 10, 2008).  |n Access may be restricted to users at subscribing institutions. 
650 1 2 |a Athletic Injuries  |x psychology.  |0 https://id.nlm.nih.gov/mesh/D001265Q000523 
650 0 |a Sports injuries.  |0 http://id.loc.gov/authorities/subjects/sh85126888 
655 7 |a Electronic books.  |2 local 
710 2 |a SpringerLink (Online service)  |0 http://id.loc.gov/authorities/names/no2005046756 
776 1 |c Original  |z 9780387725765  |z 0387725768  |z 9780387725772  |z 0387725776  |w (DLC) 2008921945  |w (OCoLC)257014192 
856 4 0 |u http://proxy.library.tamu.edu/login?url=https://dx.doi.org/10.1007/978-0-387-72577-2  |z Connect to the full text of this electronic book  |t 0 
994 |a C0  |b TEF 
999 |a MARS 
999 f f |s 74da6819-1815-3728-bad9-cedecdb48d70  |i 92963476-d6c1-3ffb-9192-950b83d2cdfe  |t 0 
952 f f |a Texas A&M University  |b College Station  |c Electronic Resources  |d Available Online  |t 0  |e RD97 .S56 2008eb  |h Library of Congress classification 
998 f f |a RD97 .S56 2008eb  |t 0  |l Available Online